| 000 | 01058cam a22002531 4500 | ||
|---|---|---|---|
| 001 | gs 31000140 | ||
| 003 | DLC | ||
| 005 | 20260227111335.0 | ||
| 008 | 831006s1931 cau s000 0 eng c | ||
| 010 | _ags 31000140 | ||
| 035 | _a(OCoLC)9989049 | ||
| 040 |
_aU.S. Geol. Survey. Libr. _cTxBeaL _dDLC |
||
| 042 | _apremarc | ||
| 050 | 0 | 0 |
_aTN24.C2 _bA3 no. 104 |
| 100 | 1 |
_aShedd, Solon, _d1860-1941. |
|
| 245 | 1 | 0 |
_aBibliography of the geology and mineral resources of California to the end of 1929, _cby Solon Shedd ... |
| 260 |
_aSacramento, _bCalifornia state printing office, H. Hammond, state printer, _c1931. |
||
| 300 |
_a205 p. _c23 cm. |
||
| 490 | 0 |
_aCalifornia. Dept. of Natural Resources. Division of Mines and Mining. Bulletin _vno. 104 |
|
| 500 | _aAt head of title: State of California. Department of Natural Resources. Division of Mines. Geologic Branch ... | ||
| 500 | _aPreliminary edition only: subject to revision. | ||
| 650 | 0 |
_aGeology _zCalifornia _vBibliography. |
|
| 650 | 0 |
_aMines and mineral resources _zCalifornia _vBibliography. |
|
| 999 |
_c26876 _d26876 |
||